Luckmann and Sorensen's medical-surgical nursing : (Record no. 17462)

MARC details
000 -LEADER
fixed length control field 01362pam a2200373 a 4500
001 - CONTROL NUMBER
control field 2522933
003 - CONTROL NUMBER IDENTIFIER
control field MUT
005 - DATE AND TIME OF LATEST TRANSACTION
control field 20240606081417.0
008 - FIXED-LENGTH DATA ELEMENTS--GENERAL INFORMATION
fixed length control field 930308s1993 paua b 001 0 eng c
010 ## - LIBRARY OF CONGRESS CONTROL NUMBER
LC control number 93015131
020 ## - INTERNATIONAL STANDARD BOOK NUMBER
International Standard Book Number 0721635067
040 ## - CATALOGING SOURCE
Original cataloging agency DNLM/DLC
Transcribing agency MUT
Modifying agency DLC
050 00 - LIBRARY OF CONGRESS CALL NUMBER
Classification number RT 41
Item number .L87 1993
060 ## - NATIONAL LIBRARY OF MEDICINE CALL NUMBER
Classification number WY 150 L9412 1993
082 00 - DEWEY DECIMAL CLASSIFICATION NUMBER
Classification number 610.73
Edition information 20
245 00 - TITLE STATEMENT
Title Luckmann and Sorensen's medical-surgical nursing :
Remainder of title a psychophysiologic approach.
250 ## - EDITION STATEMENT
Edition statement 4th ed. /
Remainder of edition statement [edited by] Joyce M. Black, Esther Matassarin-Jacobs.
260 ## - PUBLICATION, DISTRIBUTION, ETC.
Place of publication, distribution, etc. Philadelphia :
Name of publisher, distributor, etc. W.B. Saunders Co.,
Date of publication, distribution, etc. c1993.
300 ## - PHYSICAL DESCRIPTION
Extent lxii, 2269, 98 p. :
Other physical details ill. ;
Dimensions 29 cm.
500 ## - GENERAL NOTE
General note Rev. ed. of: Medical-surgical nursing / Joan Luckmann, Karen Creason Sorensen. 3rd ed. 1987.
504 ## - BIBLIOGRAPHY, ETC. NOTE
Bibliography, etc. note Includes bibliographical references and index.
650 #0 - SUBJECT ADDED ENTRY--TOPICAL TERM
Topical term or geographic name entry element Nursing.
650 #0 - SUBJECT ADDED ENTRY--TOPICAL TERM
Topical term or geographic name entry element Surgical nursing.
650 #0 - SUBJECT ADDED ENTRY--TOPICAL TERM
Topical term or geographic name entry element Psychophysiology.
650 #2 - SUBJECT ADDED ENTRY--TOPICAL TERM
Topical term or geographic name entry element Nursing Care.
650 #2 - SUBJECT ADDED ENTRY--TOPICAL TERM
Topical term or geographic name entry element Surgical Nursing.
700 1# - ADDED ENTRY--PERSONAL NAME
Personal name Black, Joyce M.
700 2# - ADDED ENTRY--PERSONAL NAME
Personal name Matassarin-Jacobs, Esther.
700 1# - ADDED ENTRY--PERSONAL NAME
Personal name Luckmann, Joan.
Title of a work Medical-surgical nursing.
740 0# - ADDED ENTRY--UNCONTROLLED RELATED/ANALYTICAL TITLE
Uncontrolled related/analytical title Medical-surgical nursing.
906 ## - LOCAL DATA ELEMENT F, LDF (RLIN)
a 7
b cbc
c orignew
d 1
e ocip
f 19
g y-gencatlg
942 ## - ADDED ENTRY ELEMENTS (KOHA)
Source of classification or shelving scheme Library of Congress Classification
Koha item type Books
Holdings
Withdrawn status Lost status Source of classification or shelving scheme Damaged status Not for loan Home library Current library Shelving location Date acquired Source of acquisition Total checkouts Full call number Barcode Date last seen Price effective from Koha item type
    Library of Congress Classification     Murang'a University of Technology Library Murang'a University of Technology Library General stacks 12/07/2018 Donation from-TFC   RT 41 .L87 1993 022992 30/08/2024 12/07/2018 Books